Online
Catalog

Obras selectas / (Record no. 6113)

MARC details
000 -CABECERA
campo de control de longitud fija 00881cam a2200229 a 4500
001 - NÚMERO DE CONTROL
campo de control 000006318
005 - FECHA Y HORA DE LA ÚLTIMA TRANSACCIÓN
campo de control 20200929153921.0
008 - DATOS DE LONGITUD FIJA--INFORMACIÓN GENERAL
campo de control de longitud fija 810122s1979 ck b f000 0 spa
040 ## - FUENTE DE LA CATALOGACIÓN
Centro catalogador/agencia de origen DO-SdBNP
Lengua de catalogación spa
Centro/agencia transcriptor BNPHU
082 ## - NÚMERO DE LA CLASIFICACIÓN DECIMAL DEWEY
Número de clasificación Co860.8
Número de documento/Ítem U76ó
100 1# - ENTRADA PRINCIPAL--NOMBRE DE PERSONA
Nombre de persona Uribe Uribe, Rafael,
Fechas asociadas al nombre 1859-1914.
9 (RLIN) 17624
245 10 - MENCIÓN DE TÍTULO
Título Obras selectas /
Mención de responsabilidad, etc. Rafael Uribe Uribe ; Jorge Mario Eastman, compilación y presentación.
260 ## - PUBLICACIÓN, DISTRIBUCIÓN, ETC.
Lugar de publicación, distribución, etc. Bogotá, Colombia :
Nombre del editor, distribuidor, etc. Imprenta Nacional,
Fecha de publicación, distribución, etc. 1979.
300 ## - DESCRIPCIÓN FÍSICA
Extensión 1 v. ;
Dimensiones 23 cm.
490 1# - MENCIÓN DE SERIE
Mención de serie Pensadores políticos colombianos
504 ## - NOTA DE BIBLIOGRAFÍA, ETC.
Nota de bibliografía, etc. Incluye referencias bibliográficas.
650 04 - PUNTO DE ACCESO ADICIONAL DE MATERIA--TÉRMINO DE MATERIA
Término de materia o nombre geográfico como elemento de entrada Literatura colombiana
Subdivisión general Colecciones
9 (RLIN) 8106
651 #4 - PUNTO DE ACCESO ADICIONAL DE MATERIA--NOMBRE GEOGRÁFICO
Nombre geográfico Colombia
Subdivisión general Política Y Gobierno
Subdivisión cronológica 1903-1930.
9 (RLIN) 17625
651 #4 - PUNTO DE ACCESO ADICIONAL DE MATERIA--NOMBRE GEOGRÁFICO
Nombre geográfico Colombia
Subdivisión general Política Y Gobierno
Subdivisión cronológica 1886-1903.
9 (RLIN) 4347
700 1# - PUNTO DE ACCESO ADICIONAL--NOMBRE DE PERSONA
Nombre de persona Eastman, Jorge Mario
Término indicativo de función/relación comp.
9 (RLIN) 17626
830 #0 - PUNTO DE ACCESO ADICIONAL DE SERIE-TÍTULO UNIFORME
Título uniforme Pensadores políticos colombianos ;
9 (RLIN) 9690
Holdings
Estado de retiro Estado de pérdida Restricciones de uso No para préstamo Código de colección Localización permanente Ubicación/localización actual Ubicación en estantería Fecha de adquisición Número de inventario Total de préstamos Signatura topográfica completa Código de barras Fecha visto por última vez Precio válido a partir de Tipo de ítem Koha
    Préstamo interno   Monografías: Libros y Folletos General General En catalogación 27.08.2009 LF1   v.1 6318-10 25.06.2020 25.06.2020 Préstamo interno

Powered by Koha